[Event "Tenerife-chT Preferente"]
[Site "Tenerife"]
[Date "2023.03.18"]
[Round "8.2"]
[White "Cruz Gomez, Isidro"]
[Black "Iglesias Santos, David"]
[Result "1-0"]
[WhiteElo "2081"]
[BlackElo "1923"]
[PlyCount "37"]
[EventDate "2023.01.14"]
[EventType "team-tourn"]
[EventRounds "14"]
[EventCountry "ESP"]
[SourceTitle "EXT 2024"]
[Source "ChessBase"]
[SourceDate "2023.10.10"]
[SourceVersion "1"]
[SourceVersionDate "2023.10.10"]
[SourceQuality "1"]
[WhiteTeam "El Sauzal Libreria Barco"]
[BlackTeam "Circulo de Amistad XII Enero"]
[WhiteTeamCountry "ESP"]
[BlackTeamCountry "ESP"]

1. Nf3 d5 2. d4 Nf6 3. c4 c6 4. g3 dxc4 5. a4 b5 6. Bg2 Bb7 7. 0-0 e6 8. Ne5 Qb6 9. b3 cxb3 10. Qxb3 Nbd7 11. a5 Qxd4 12. Bb2 Qb4 13. Qxb4 Bxb4 14. a6 Bc8 15. Bxc6 Rb8 16. Bd4 0-0 17. Nd3 Bxa6 18. Rxa6 Bd6 19. Bxd7 1-0

[Event "Tenerife-chT Preferente"]
[Site "Tenerife"]
[Date "2023.01.14"]
[Round "1.1"]
[White "Cruz Gomez, Isidro"]
[Black "Perera Gonzalez, Pablo"]
[Result "0-1"]
[WhiteElo "2081"]
[BlackElo "2125"]
[PlyCount "102"]
[EventDate "2023.01.14"]
[EventType "team-tourn"]
[EventRounds "14"]
[EventCountry "ESP"]
[SourceTitle "EXT 2024"]
[Source "ChessBase"]
[SourceDate "2023.10.10"]
[SourceVersion "1"]
[SourceVersionDate "2023.10.10"]
[SourceQuality "1"]
[WhiteTeam "El Sauzal Libreria Barco"]
[BlackTeam "Circulo de Amistad XII Enero"]
[WhiteTeamCountry "ESP"]
[BlackTeamCountry "ESP"]

1. d4 Nf6 2. c4 c5 3. d5 g6 4. Nc3 d6 5. e4 Bg7 6. Nf3 0-0 7. Be2 e6 8. 0-0 Re8 9. Qc2 Na6 10. a3 Nc7 11. Bg5 h6 12. Bh4 g5 13. Bg3 Nh5 14. Rad1 Nxg3 15. hxg3 Rb8 16. e5 exd5 17. exd6 Qxd6 18. Nxd5 Nxd5 19. cxd5 Bd7 20. Bd3 Rbc8 21. b3 b5 22. Bf5 Bxf5 23. Qxf5 c4 24. bxc4 bxc4 25. Nd4 Rc5 26. Nc2 c3 27. Ne3 Rec8 28. Qc2 Bf8 29. Nf5 Qd7 30. g4 Rxd5 31. Rxd5 Qxd5 32. Rd1 Qc4 33. Ne3 Qe6 34. a4 Qe5 35. Rd5 Qb8 36. Rb5 Qd6 37. Rd5 Qa3 38. Rd7 Bd6 39. g3 Qc5 40. Nf5 Bf8 41. Ne3 a5 42. Qa2 Be7 43. Rd5 Qxe3 44. fxe3 c2 45. Rf5 c1Q+ 46. Rf1 Qxe3+ 47. Kh2 Qe6 48. Qd2 Qxg4 49. Rf2 Qxa4 50. Qd5 Rf8 51. Qd7 Qxd7 0-1

[Event "La Palma Island op"]
[Site "Santa Cruz de La Palma"]
[Date "2022.08.11"]
[Round "8"]
[White "Cruz Gomez, Isidro"]
[Black "Roeder, Mathias"]
[Result "0-1"]
[WhiteElo "2089"]
[BlackElo "2360"]
[PlyCount "106"]
[EventDate "2022.08.06"]
[EventType "swiss"]
[EventRounds "9"]
[EventCountry "ESP"]
[SourceTitle "CBM 209 Extra"]
[Source "ChessBase"]
[SourceDate "2022.09.30"]
[SourceVersion "1"]
[SourceVersionDate "2022.09.30"]
[SourceQuality "1"]

1. d4 Nf6 2. c4 e6 3. Nf3 d5 4. g3 Bb4+ 5. Bd2 a5 6. a3 Be7 7. Qc2 0-0 8. Bg2 c6 9. 0-0 Nbd7 10. Bg5 b6 11. Nbd2 Ba6 12. Rfc1 Rc8 13. e4 dxe4 14. Nxe4 c5 15. dxc5 Nxe4 16. Bxe7 Qxe7 17. Qxe4 Nxc5 18. Qe3 a4 19. Nd2 Rfd8 20. Rc3 Bb7 21. b4 axb3 22. Nxb3 Bxg2 23. Nxc5 Bc6 24. Nd3 Ba8 25. Rb1 Rd6 26. Ne1 Qc7 27. c5 bxc5 28. Rxc5 Rc6 29. Rxc6 Qxc6 30. f3 h6 31. Qb6 Qc3 32. Qb3 Qd4+ 33. Kg2 Bd5 34. Rd1 Qe5 35. Qa4 Qe2+ 36. Kg1 Qe3+ 37. Kh1 Bxf3+ 38. Nxf3 Qxf3+ 39. Kg1 Ra8 40. Qd7 Qxa3 41. Kg2 Qa4 42. Qd3 Qc6+ 43. Kh3 Rc8 44. Rd2 g6 45. Qe3 h5 46. Qe5 Qf3 47. Qe1 Qg4+ 48. Kg2 h4 49. Rf2 Rc4 50. Qd2 Qe4+ 51. Kh3 Rd4 52. Qg5 hxg3 53. hxg3 Rd5 0-1

[Event "La Palma Island op"]
[Site "Santa Cruz de La Palma"]
[Date "2022.08.10"]
[Round "7"]
[White "Martin Rodriguez, Jose Carlos"]
[Black "Cruz Gomez, Isidro"]
[Result "0-1"]
[WhiteElo "1804"]
[BlackElo "2089"]
[PlyCount "52"]
[EventDate "2022.08.06"]
[EventType "swiss"]
[EventRounds "9"]
[EventCountry "ESP"]
[SourceTitle "CBM 209 Extra"]
[Source "ChessBase"]
[SourceDate "2022.09.30"]
[SourceVersion "1"]
[SourceVersionDate "2022.09.30"]
[SourceQuality "1"]

1. c4 Nf6 2. Nc3 e6 3. d4 Bb4 4. Qc2 b6 5. a3 Bxc3+ 6. Qxc3 Bb7 7. Nf3 c5 8. Bg5 h6 9. Bh4 d6 10. e3 Nbd7 11. Be2 Qc7 12. 0-0 Ne4 13. Qc2 g5 14. Bg3 h5 15. h4 Nxg3 16. fxg3 gxh4 17. gxh4 Rg8 18. Ng5 f6 19. Nxe6 Rxg2+ 20. Kh1 Rxe2+ 21. d5 Rxc2 22. Nxc7+ Ke7 23. Nxa8 Bxa8 24. Rac1 Rxb2 25. Rf5 Ne5 26. Rxh5 Nd7 0-1

[Event "Canarias-chT Honor"]
[Site "Spain"]
[Date "2020.03.07"]
[Round "7.1"]
[White "Kurajica, Bojan"]
[Black "Cruz Gomez, Isidro"]
[Result "1-0"]
[WhiteElo "2509"]
[BlackElo "2043"]
[PlyCount "31"]
[EventDate "2020.01.11"]
[EventType "team-tourn"]
[EventRounds "9"]
[EventCountry "ESP"]
[SourceTitle "CBM 195 Extra"]
[Source "ChessBase"]
[SourceDate "2020.05.31"]
[SourceVersion "1"]
[SourceVersionDate "2020.05.31"]
[SourceQuality "1"]
[WhiteTeam "Lanzaloe"]
[BlackTeam "Sanat Lucia Grandama"]
[WhiteTeamCountry "ESP"]
[BlackTeamCountry "ESP"]

1. d4 d5 2. c4 dxc4 3. e3 e5 4. Bxc4 exd4 5. exd4 Nf6 6. Nf3 Bd6 7. 0-0 0-0 8. Nc3 Nbd7 9. h3 Nb6 10. Bb3 Bf5 11. Bg5 Be7 12. Re1 h6 13. Bh4 Nfd5 14. Nxd5 Bxh4 15. Nxh4 Qxh4 16. Ne7+ 1-0

[Event "Canarias-chT Honor"]
[Site "Spain"]
[Date "2020.01.25"]
[Round "3.1"]
[White "Gutierrez Perez, Jose"]
[Black "Cruz Gomez, Isidro"]
[Result "1-0"]
[WhiteElo "1943"]
[BlackElo "2043"]
[PlyCount "81"]
[EventDate "2020.01.11"]
[EventType "team-tourn"]
[EventRounds "9"]
[EventCountry "ESP"]
[SourceTitle "CBM 195 Extra"]
[Source "ChessBase"]
[SourceDate "2020.05.31"]
[SourceVersion "1"]
[SourceVersionDate "2020.05.31"]
[SourceQuality "1"]
[WhiteTeam "Herbania"]
[BlackTeam "Sanat Lucia Grandama"]
[WhiteTeamCountry "ESP"]
[BlackTeamCountry "ESP"]

1. d4 Nf6 2. c4 e6 3. Nf3 Bb4+ 4. Nc3 Ne4 5. Qc2 Nxc3 6. bxc3 Be7 7. e4 d5 8. Bd3 dxe4 9. Bxe4 h6 10. 0-0 Nd7 11. Rb1 c6 12. Re1 Nf6 13. Bd3 0-0 14. Ne5 c5 15. Bb2 Qc7 16. Qe2 b6 17. d5 Bd6 18. f4 b5 19. dxe6 Bxe6 20. cxb5 c4 21. Be4 Qc5+ 22. Kh1 Nxe4 23. Qxe4 Bd5 24. Qc2 Qc7 25. Rbd1 Bb7 26. Qa4 Rfd8 27. Nc6 Re8 28. Qxc4 Bxf4 29. Rf1 Bg5 30. h4 Be3 31. Rf3 Re6 32. Rdf1 Bxc6 33. bxc6 Rxc6 34. Qe4 Bb6 35. Rxf7 Qd6 36. c4 Qg6 37. Rxg7+ Qxg7 38. Bxg7 Rac8 39. Bb2 R6c7 40. Qe5 Rxc4 41. Qh8# 1-0

[Event "Tenerife Norte Team Cup 2nd"]
[Site "Tenerife"]
[Date "2019.08.17"]
[Round "7.2"]
[White "Cruz Gomez, Isidro"]
[Black "Perez Perez, Gabriel"]
[Result "1/2-1/2"]
[WhiteElo "2036"]
[BlackElo "2114"]
[PlyCount "53"]
[EventDate "2019.06.29"]
[EventType "team-tourn"]
[EventRounds "10"]
[EventCountry "ESP"]
[SourceTitle "EXT 2020"]
[Source "ChessBase"]
[SourceDate "2019.10.17"]
[SourceVersion "1"]
[SourceVersionDate "2019.10.17"]
[SourceQuality "1"]
[WhiteTeam "Ciberjaque Universidad"]
[BlackTeam "Los Realejos Shah Mat"]
[WhiteTeamCountry "ESP"]
[BlackTeamCountry "ESP"]

1. d4 d5 2. c4 e6 3. Nc3 a6 4. e4 dxe4 5. Nxe4 Bb4+ 6. Nc3 Nf6 7. Nf3 0-0 8. Bg5 Nbd7 9. Bd3 h6 10. Bh4 c5 11. 0-0 cxd4 12. Nxd4 Be7 13. Be2 Ne5 14. Nf3 Ng6 15. Bg3 Nh5 16. Qxd8 Rxd8 17. Bc7 Rd7 18. Bb6 Nhf4 19. Bd1 Bd8 20. Be3 Bc7 21. Ba4 Rd8 22. Rfd1 Nd3 23. Rd2 Nde5 24. Rxd8+ Bxd8 25. Nxe5 Nxe5 26. Rd1 Bc7 27. Bf4 1/2-1/2

[Event "Almansa op-A 13th"]
[Site "Almansa"]
[Date "2018.08.02"]
[Round "1.3"]
[White "Cruz Gomez, Isidro"]
[Black "Sanchez Jerez, Emilio Miguel"]
[Result "0-1"]
[WhiteElo "2045"]
[BlackElo "2246"]
[PlyCount "68"]
[EventDate "2018.08.02"]
[EventType "swiss"]
[EventRounds "7"]
[EventCountry "ESP"]
[SourceTitle "EXT 2024"]
[Source "ChessBase"]
[SourceDate "2023.10.10"]
[SourceVersion "1"]
[SourceVersionDate "2023.10.10"]
[SourceQuality "1"]

1. e4 Nc6 2. Nf3 d6 3. d4 Nf6 4. Bd3 g6 5. c3 Bg7 6. 0-0 0-0 7. Re1 e5 8. Nbd2 Re8 9. d5 Ne7 10. Nf1 c6 11. c4 Nh5 12. Bg5 h6 13. Bd2 Nf4 14. Bc2 b5 15. dxc6 bxc4 16. Ba4 Qc7 17. Bxf4 exf4 18. Qc1 Be6 19. Qxf4 Bxb2 20. Rad1 Red8 21. Ne3 Nxc6 22. Nd5 Bxd5 23. exd5 Ne5 24. Nxe5 Bxe5 25. Qxh6 Rab8 26. Bc6 Rb2 27. Qh4 c3 28. f4 Bg7 29. f5 gxf5 30. Rd3 Qb6+ 31. Kh1 Rb1 32. Rde3 c2 33. Re8+ Rxe8 34. Bxe8 Rxe1+ 0-1

[Event "Santa Cruz La Palma Christmas op"]
[Site "Santa Cruz de La Palma"]
[Date "2017.12.21"]
[Round "6.1"]
[White "Cruz Gomez, Isidro"]
[Black "Guerra Arrocha, Daniel"]
[Result "0-1"]
[WhiteElo "2073"]
[BlackElo "2071"]
[PlyCount "56"]
[EventDate "2017.12.16"]
[EventType "swiss"]
[EventRounds "7"]
[EventCountry "ESP"]
[SourceTitle "EXT 2024"]
[Source "ChessBase"]
[SourceDate "2023.10.10"]
[SourceVersion "1"]
[SourceVersionDate "2023.10.10"]
[SourceQuality "1"]

1. d4 Nf6 2. c4 c5 3. d5 g6 4. Nc3 Bg7 5. Nf3 0-0 6. g3 d6 7. Bg2 e6 8. 0-0 exd5 9. Nxd5 Nxd5 10. Qxd5 Nc6 11. Bg5 Ne7 12. Qd2 Be6 13. Rac1 Qc7 14. Rfd1 Rad8 15. e4 Bg4 16. h3 Bxf3 17. Bxf3 Bd4 18. b4 Rfe8 19. b5 Ra8 20. Be3 Bxe3 21. Qxe3 Nf5 22. Qf4 Nd4 23. Re1 Qa5 24. h4 Re5 25. h5 Qd8 26. h6 g5 27. Qg4 Qf6 28. Re3 Qxh6 0-1

[Event "Santa Cruz La Palma Christmas op"]
[Site "Santa Cruz de La Palma"]
[Date "2017.12.16"]
[Round "1.1"]
[White "Cruz Gomez, Isidro"]
[Black "Rodriguez Molina, Mario"]
[Result "1-0"]
[WhiteElo "2073"]
[BlackElo "1480"]
[PlyCount "63"]
[EventDate "2017.12.16"]
[EventType "swiss"]
[EventRounds "7"]
[EventCountry "ESP"]
[SourceTitle "EXT 2024"]
[Source "ChessBase"]
[SourceDate "2023.10.10"]
[SourceVersion "1"]
[SourceVersionDate "2023.10.10"]
[SourceQuality "1"]

1. d4 d6 2. c4 Nd7 3. g3 e5 4. Bg2 Ngf6 5. Nc3 Be7 6. e4 c6 7. Nf3 Qc7 8. 0-0 0-0 9. h3 b6 10. Be3 Bb7 11. Rc1 Rac8 12. b4 c5 13. bxc5 bxc5 14. dxe5 Nxe5 15. Nd5 Nxd5 16. exd5 Nxc4 17. Rxc4 Ba6 18. Rc2 Bxf1 19. Bxf1 Bf6 20. Bd4 Qd8 21. Be3 Qd7 22. Nd2 Rb8 23. Nc4 Bd8 24. Kh2 Bc7 25. h4 Qa4 26. Bd3 Rb4 27. Bd2 Rb7 28. Qh5 g6 29. Qh6 Qd7 30. Bc3 f6 31. Qf4 Rbb8 32. Rb2 1-0

[Event "Canarias-chT"]
[Site "San Cristobal de La Laguna"]
[Date "2017.06.25"]
[Round "6.1"]
[White "Lopez Pereyra, Antonio"]
[Black "Cruz Gomez, Isidro"]
[Result "1-0"]
[WhiteElo "2079"]
[BlackElo "2053"]
[PlyCount "105"]
[EventDate "2017.06.22"]
[EventType "team-swiss"]
[EventRounds "6"]
[EventCountry "ESP"]
[SourceTitle "EXT 2024"]
[Source "ChessBase"]
[SourceDate "2023.10.10"]
[SourceVersion "1"]
[SourceVersionDate "2023.10.10"]
[SourceQuality "1"]
[WhiteTeam "Los Realejos Shah Mat"]
[BlackTeam "Universidad"]
[WhiteTeamCountry "ESP"]
[BlackTeamCountry "ESP"]

1. e4 e5 2. f4 d5 3. exd5 exf4 4. Nf3 Nf6 5. Bc4 Nxd5 6. Bxd5 Qxd5 7. Nc3 Qf5 8. d4 Bd6 9. Qe2+ Qe6 10. Ne4 0-0 11. 0-0 Qg4 12. Nxd6 cxd6 13. Qe4 Qf5 14. Qxf5 Bxf5 15. Bxf4 Rd8 16. Rae1 Be6 17. Ng5 Bc4 18. Rf2 Nc6 19. b3 Ba6 20. d5 Nb4 21. Nxf7 Re8 22. Rxe8+ Rxe8 23. Bd2 Nxd5 24. Nxd6 Rd8 25. Nf5 Nf6 26. c4 Ne4 27. Ne7+ Kh8 28. Ba5 b6 29. Re2 Bb7 30. Be1 h6 31. h3 Rd1 32. Kh2 Rd7 33. Nf5 Kh7 34. Ng3 Nxg3 35. Bxg3 Kg6 36. b4 Kf7 37. c5 bxc5 38. bxc5 Bc6 39. Bd6 a6 40. Kg3 g6 41. Kf4 Rb7 42. Ke5 Rb4 43. Rf2+ Ke8 44. Rf8+ Kd7 45. Rf7+ Kd8 46. Ke6 Re4+ 47. Be5 Ke8 48. Re7+ Kd8 49. Rh7 Re2 50. Rh8+ Be8 51. c6 Rxe5+ 52. Kxe5 Ke7 53. c7 1-0

[Event "Canarias-chT"]
[Site "San Cristobal de La Laguna"]
[Date "2017.06.24"]
[Round "5.1"]
[White "Caraballo Caraballo, Luis Ramon"]
[Black "Cruz Gomez, Isidro"]
[Result "0-1"]
[WhiteElo "1885"]
[BlackElo "2053"]
[PlyCount "101"]
[EventDate "2017.06.22"]
[EventType "team-swiss"]
[EventRounds "6"]
[EventCountry "ESP"]
[SourceTitle "EXT 2024"]
[Source "ChessBase"]
[SourceDate "2023.10.10"]
[SourceVersion "1"]
[SourceVersionDate "2023.10.10"]
[SourceQuality "1"]
[WhiteTeam "Dragones Fuerteventura"]
[BlackTeam "Universidad"]
[WhiteTeamCountry "ESP"]
[BlackTeamCountry "ESP"]

1. d4 Nf6 2. f4 d5 3. Nf3 Bg4 4. e3 e6 5. Bd3 Bd6 6. 0-0 c5 7. c3 0-0 8. Qe1 Ne4 9. Ne5 Bh5 10. Nd2 Nxd2 11. Bxd2 f5 12. Be2 Bxe2 13. Qxe2 Bxe5 14. fxe5 Nd7 15. Be1 c4 16. Qh5 Qe8 17. Qh4 Rf7 18. Rf3 Nf8 19. Rh3 b5 20. Qh5 a5 21. Bh4 Rb7 22. Qe2 b4 23. Rf1 bxc3 24. bxc3 Rab8 25. g4 Rb2 26. Qf3 fxg4 27. Qxg4 Qg6 28. Qxg6 Nxg6 29. e4 dxe4 30. Rf2 e3 31. Rxb2 Rxb2 32. Kf1 e2+ 33. Kf2 Rxa2 34. Bg5 h6 35. Bc1 Rc2 36. Be3 Rxc3 37. Rg3 Kf7 38. Kxe2 Rc2+ 39. Bd2 Ra2 40. Kd1 Ne7 41. Rc3 Ra4 42. Kc2 Nd5 43. Rf3+ Ke7 44. Rg3 g5 45. h4 c3 46. Bc1 Ra2+ 47. Kb3 Ra1 48. Ba3+ Kf7 49. hxg5 hxg5 50. Rg2 Kg6 51. Rc2 0-1

[Event "Canarias-ch"]
[Site "Vecindario"]
[Date "2016.05.29"]
[Round "5.6"]
[White "Cruz Gomez, Isidro"]
[Black "Ruiz Delgado, Basilio"]
[Result "1-0"]
[WhiteElo "2023"]
[BlackElo "1787"]
[PlyCount "133"]
[EventDate "2016.05.27"]
[EventType "swiss"]
[EventRounds "6"]
[EventCountry "ESP"]
[SourceTitle "EXT 2024"]
[Source "ChessBase"]
[SourceDate "2023.10.10"]
[SourceVersion "1"]
[SourceVersionDate "2023.10.10"]
[SourceQuality "1"]

1. d4 f5 2. Nc3 Nf6 3. Bg5 d5 4. e3 e6 5. Nf3 Be7 6. Bd3 0-0 7. 0-0 Ne4 8. Bxe7 Qxe7 9. Ne2 Bd7 10. c4 c6 11. Ne5 Be8 12. Rb1 Nd7 13. Nxd7 Bxd7 14. b4 a6 15. a4 b5 16. c5 e5 17. Bxe4 fxe4 18. dxe5 Qxe5 19. Qd4 Qg5 20. Nf4 Rf6 21. f3 Bf5 22. Nxd5 Rg6 23. Nf4 exf3 24. Rb2 Rd8 25. Qe5 Rh6 26. Rxf3 Qf6 27. Qxf6 Rxf6 28. axb5 axb5 29. Ne2 Rd1+ 30. Kf2 Kf7 31. Nd4 Be4 32. Rxf6+ Kxf6 33. Nf3 h6 34. Ke2 Rh1 35. Rd2 Bxf3+ 36. Kxf3 Rb1 37. Rd4 Ke5 38. h4 Rf1+ 39. Ke2 Rf6 40. g4 g5 41. h5 Re6 42. Kd3 Re7 43. Rd8 Re6 44. Rd4 Kf6 45. Rd6 Rxd6+ 46. cxd6 Ke6 47. Kd4 Kxd6 48. e4 Ke6 49. e5 Kd7 50. Kc5 Ke6 51. Kxc6 Kxe5 52. Kxb5 Kf4 53. Kc6 Kxg4 54. b5 Kh3 55. b6 g4 56. b7 g3 57. b8Q g2 58. Qb1 Kh2 59. Qc2 Kh1 60. Qe4 Kh2 61. Qh4+ Kg1 62. Kd5 Kf1 63. Qf4+ Ke2 64. Qg3 Kf1 65. Qf3+ Kg1 66. Ke5 Kh2 67. Qf2 1-0

[Event "Canarias-ch"]
[Site "Vecindario"]
[Date "2016.05.28"]
[Round "3.3"]
[White "Castaneda Castillo, Eder"]
[Black "Cruz Gomez, Isidro"]
[Result "1-0"]
[WhiteElo "1863"]
[BlackElo "2023"]
[PlyCount "57"]
[EventDate "2016.05.27"]
[EventType "swiss"]
[EventRounds "6"]
[EventCountry "ESP"]
[SourceTitle "EXT 2024"]
[Source "ChessBase"]
[SourceDate "2023.10.10"]
[SourceVersion "1"]
[SourceVersionDate "2023.10.10"]
[SourceQuality "1"]

1. e4 e5 2. Nf3 Nc6 3. Bc4 Nf6 4. d3 Bc5 5. c3 d6 6. a4 a6 7. 0-0 Ba7 8. Bg5 h6 9. Bh4 0-0 10. Nbd2 Be6 11. Bd5 Bxd5 12. exd5 Nb8 13. Ne4 Nbd7 14. d4 Re8 15. dxe5 dxe5 16. c4 Qc8 17. Bxf6 Nxf6 18. Nxf6+ gxf6 19. Nh4 e4 20. Kh1 Re5 21. f4 exf3 22. Qxf3 Qd8 23. Nf5 Qf8 24. Ra3 Rae8 25. Qf4 Re1 26. Qg3+ Kh7 27. Rxe1 Rxe1+ 28. Qxe1 Qc5 29. Rg3 1-0

[Event "Tenerife-chT Preferente 1516"]
[Site "Tenerife"]
[Date "2016.04.02"]
[Round "11.2"]
[White "Cruz Gomez, Isidro"]
[Black "Cabrera Trujillo, Jorge Juan"]
[Result "0-1"]
[WhiteElo "2021"]
[BlackElo "2352"]
[PlyCount "126"]
[EventDate "2015.12.12"]
[EventType "team-tourn"]
[EventRounds "14"]
[EventCountry "ESP"]
[SourceTitle "EXT 2017"]
[Source "ChessBase"]
[SourceDate "2016.10.25"]
[SourceVersion "1"]
[SourceVersionDate "2016.10.25"]
[SourceQuality "1"]
[WhiteTeam "Universidad"]
[BlackTeam "Cajacanarias"]
[WhiteTeamCountry "ESP"]
[BlackTeamCountry "ESP"]

1. d4 Nf6 2. c4 g6 3. Nc3 Bg7 4. e4 0-0 5. Bd3 d6 6. Nge2 Nc6 7. 0-0 Nh5 8. Bc2 e5 9. Be3 exd4 10. Nxd4 Ne5 11. b3 Ng4 12. Bc1 c5 13. Nde2 Qh4 14. h3 Be5 15. f4 Bxc3 16. Nxc3 Qg3 17. hxg4 Qxc3 18. gxh5 Qxa1 19. Qd3 Qd4+ 20. Qxd4 cxd4 21. Bb2 Bg4 22. hxg6 Be2 23. gxh7+ Kxh7 24. Re1 d3 25. e5 dxe5 26. Rxe2 dxc2 27. fxe5 Rad8 28. Rxc2 Rd1+ 29. Kf2 Rfd8 30. Bc1 Kg6 31. g3 Kf5 32. Bf4 Rh8 33. Kf3 Rf1+ 34. Ke3 Rd1 35. Rf2 Rhh1 36. g4+ Kxg4 37. Ke4 Rde1+ 38. Be3 Rh3 39. Rf4+ Kh5 40. Rf3 Rxf3 41. Kxf3 a6 42. a3 Ra1 43. Bc5 Rb1 44. b4 Rc1 45. Ke4 Rxc4+ 46. Kd5 Rg4 47. Kd6 Rg6+ 48. Kc7 b5 49. Kb7 Re6 50. Bb6 Rxe5 51. Kxa6 f5 52. Bd4 Rd5 53. Bg1 f4 54. Ka5 Kg4 55. a4 bxa4+ 56. Kxa4 Kf5 57. b5 Ke6 58. Kb4 f3 59. b6 Kd7 60. Kc4 Rd2 61. Be3 f2 62. Bxd2 f1Q+ 63. Kc3 Qf6+ 0-1

[Event "Las Palmas Montalvo Memorial 8th"]
[Site "Las Palmas"]
[Date "2015.03.31"]
[Round "2"]
[White "De la Cruz Sanchez, Carlos Gustavo"]
[Black "Cruz Gomez, Isidro"]
[Result "1-0"]
[WhiteElo "2266"]
[BlackElo "1964"]
[PlyCount "72"]
[EventDate "2015.03.30"]
[EventType "swiss"]
[EventRounds "9"]
[EventCountry "ESP"]
[SourceTitle "EXT 2016"]
[Source "ChessBase"]
[SourceDate "2015.10.08"]
[SourceVersion "1"]
[SourceVersionDate "2015.10.08"]
[SourceQuality "1"]

1. d4 Nf6 2. c4 e6 3. Nc3 Bb4 4. f3 c5 5. d5 b5 6. e4 bxc4 7. Bxc4 Ba6 8. Bxa6 Nxa6 9. Nge2 0-0 10. 0-0 c4 11. Be3 Bc5 12. Qd2 Qb6 13. Nd4 e5 14. Nf5 Bxe3+ 15. Nxe3 Nb4 16. Kh1 Rac8 17. Nf5 Kh8 18. Na4 Qb5 19. Qg5 Ne8 20. Qe7 Kg8 21. Nc3 Qb6 22. Qxd7 Rd8 23. Qb5 Nd3 24. Qxb6 axb6 25. b3 cxb3 26. axb3 g6 27. Ne7+ Kg7 28. Nc6 Rc8 29. Na4 f5 30. Nxb6 Rc7 31. Rad1 Nc5 32. b4 Na6 33. Ra1 Rxc6 34. dxc6 Nxb4 35. Nd7 Nxc6 36. Nxf8 Kxf8 1-0

[Event "Almansa op 7th"]
[Site "Almansa"]
[Date "2012.08.08"]
[Round "3"]
[White "Cruz Gomez, Isidro"]
[Black "Navarrete Espi, Samuel"]
[Result "1/2-1/2"]
[WhiteElo "1993"]
[BlackElo "2176"]
[PlyCount "68"]
[EventDate "2012.08.07"]
[EventType "swiss"]
[EventRounds "9"]
[EventCountry "ESP"]
[SourceTitle "CBM 149 Extra"]
[Source "ChessBase"]
[SourceDate "2012.08.24"]
[SourceVersion "1"]
[SourceVersionDate "2012.08.24"]
[SourceQuality "1"]

1. d4 Nf6 2. Nf3 g6 3. g3 Bg7 4. Bg2 0-0 5. c4 c6 6. 0-0 d5 7. cxd5 cxd5 8. Nc3 Ne4 9. Ne5 Nxc3 10. bxc3 Nc6 11. Nxc6 bxc6 12. Bf4 Bf5 13. Qd2 Qb6 14. Rfe1 Rfd8 15. e4 dxe4 16. Bxe4 Bxe4 17. Rxe4 e6 18. Qc2 c5 19. Be5 cxd4 20. cxd4 Rac8 21. Qe2 Bxe5 22. dxe5 Qa5 23. Qe3 Rc2 24. Rd4 Rb8 25. Qg5 Rc5 26. Re1 Qc3 27. Rdd1 Rd5 28. Rxd5 exd5 29. Rd1 d4 30. Qf6 Qc4 31. Kg2 Qd5+ 32. f3 Re8 33. e6 Qxe6 34. Qxd4 Qxa2+ 1/2-1/2

[Event "Gran Canaria CupT"]
[Site "Gran Canaria"]
[Date "2011.06.04"]
[Round "5.4"]
[White "Cruz Gomez, Isidro"]
[Black "Guerrero Orihuela, Jose Luis"]
[Result "1-0"]
[WhiteElo "1951"]
[BlackElo "1454"]
[PlyCount "55"]
[EventDate "2011.06.02"]
[EventType "team-tourn"]
[EventRounds "7"]
[EventCountry "ESP"]
[SourceTitle "CBM 142 Extra"]
[Source "ChessBase"]
[SourceDate "2011.06.27"]
[SourceVersion "1"]
[SourceVersionDate "2011.06.27"]
[SourceQuality "1"]
[WhiteTeam "La Palma CajaCanarias"]
[BlackTeam "Vecindario CajaCanarias"]
[WhiteTeamCountry "ESP"]
[BlackTeamCountry "ESP"]

1. d4 d5 2. c4 e6 3. Nf3 Nf6 4. Nc3 Nbd7 5. Bg5 c6 6. e3 Qa5 7. Nd2 dxc4 8. Bxf6 Nxf6 9. Nxc4 Qc7 10. Bd3 Nd5 11. 0-0 Be7 12. Rc1 0-0 13. Qe2 Qd8 14. Ne5 f6 15. Qh5 h6 16. Qg6 f5 17. Nxd5 exd5 18. f4 Rf6 19. Qg3 Kh7 20. Qh3 Bf8 21. g4 g6 22. g5 Re6 23. gxh6 Qe7 24. Rc2 Bd7 25. Rg2 Bxh6 26. Bxf5 gxf5 27. Qxf5+ Kh8 28. Nf7+ 1-0

[Event "Las Palmas Montalvo Memorial 4th"]
[Site "Las Palmas"]
[Date "2011.04.19"]
[Round "2"]
[White "Cruz Gomez, Isidro"]
[Black "Natalicchio Escalante, Ricardo Nicolas"]
[Result "1/2-1/2"]
[WhiteElo "1973"]
[BlackElo "2201"]
[PlyCount "138"]
[EventDate "2011.04.18"]
[EventType "swiss"]
[EventRounds "9"]
[EventCountry "ESP"]
[SourceTitle "CBM 141 Extra"]
[Source "ChessBase"]
[SourceDate "2011.05.03"]
[SourceVersion "1"]
[SourceVersionDate "2011.05.03"]
[SourceQuality "1"]

1. d4 Nf6 2. c4 c5 3. d5 e5 4. Nc3 d6 5. e4 Be7 6. g3 h5 7. h4 a6 8. Bg5 Nbd7 9. Qc2 Rb8 10. a4 b6 11. Bg2 Ng4 12. Nf3 g6 13. Bxe7 Qxe7 14. Ng5 Nf8 15. Qe2 f6 16. Nh3 f5 17. f3 Nh6 18. Ng5 Nh7 19. Ne6 Bxe6 20. dxe6 Qxe6 21. Nd5 0-0 22. Bh3 Qf7 23. Ra3 Nf6 24. Nxf6+ Qxf6 25. Qd2 f4 26. Rd3 Nf7 27. Qf2 b5 28. axb5 axb5 29. cxb5 Rxb5 30. g4 Rfb8 31. g5 Qe7 32. Rd2 Nd8 33. Bf1 Rb4 34. b3 Nc6 35. Bc4+ Kg7 36. 0-0 Nd4 37. Rfd1 Ra8 38. Kg2 Ra3 39. Ra2 Ra7 40. Rda1 Rbb7 41. Bd5 Rc7 42. Ra6 Rxa6 43. Rxa6 Ra7 44. Qa2 Rxa6 45. Qxa6 Nc2 46. Bc4 Ne3+ 47. Kf2 Nxc4 48. bxc4 Qc7 49. Kg2 Qb8 50. Qb5 Qa7 51. Kh3 Kf7 52. Qc6 Ke7 53. Qd5 Qb8 54. Qc6 Qe8 55. Qd5 Qd7+ 56. Kg2 Qc8 57. Kh2 Qb8 58. Qc6 Qa7 59. Qc8 Qa2+ 60. Kh3 Qxc4 61. Qc7+ Ke8 62. Qc8+ Kf7 63. Qd7+ Kg8 64. Qd8+ Kg7 65. Qf6+ Kh7 66. Qe7+ Kh8 67. Qf6+ Kh7 68. Qe7+ Kh8 69. Qf6+ Kh7 1/2-1/2